| 000 | 00684nam a22001815i 4500 | ||
|---|---|---|---|
| 001 | 54571 | ||
| 003 | ES-MaACL | ||
| 005 | 20250824063032.0 | ||
| 007 | t| | ||
| 008 | 960722s1882 sp ||||1| spa d | ||
| 040 |
_aCAM _bspa _cCAM |
||
| 100 | 1 |
_aFreixa y Rabasó, Eusebio, _d1824-1894 _952479 |
|
| 245 | 1 | 0 |
_aLegislación y diccionario indicador de la renta timbre del estado _b: con inclusión de cuanto corresponde a correos y a las aduanas que requiere timbre / _cpor Eusebio Freixa y Rabasó. |
| 260 |
_aMadrid : _bPublicaciones de Eusebio Freixa, _c1882. |
||
| 300 |
_a143 p. ; _c21 cm. |
||
| 852 |
_aES-MaACL _jT-1268-F-3 _z.- Donat. Bosch |
||
| 999 |
_c54571 _d54571 |
||